| 000 | 00823nam a2200241 i 4500 | ||
|---|---|---|---|
| 001 | 143859 | ||
| 003 | ES-MaACL | ||
| 005 | 20250716062530.0 | ||
| 007 | t| | ||
| 008 | 070214s1966 mx af |||| | spa d | ||
| 100 | 1 |
_aShakespeare, William, _d1564-1616 _9105992 |
|
| 245 | 1 | 0 |
_aDramas de Guillermo Shakespeare / _ctraducción de José Arnaldo Márquez. |
| 260 |
_aMéxico, D. F. : _bEd. Nacional, _c1966. |
||
| 300 |
_a421 p., 14 lám. : _bil. ; _c17 cm. |
||
| 505 | 8 |
_aContiene: ; _tSueño de una noche de verano ; _tMedida por medida ; _tCoriolano ; _tCuento de invierno |
|
| 700 | 1 |
_aMárquez, José Arnaldo. _977007 |
|
| 740 | 0 | 2 | _aSueño de una noche de verano. |
| 740 | 0 | 2 | _aMedida por medida. |
| 740 | 0 | 2 | _aCoriolano. |
| 740 | 0 | 2 | _aCuento de invierno. |
| 852 |
_aES-MaACL _jE-9350 |
||
| 999 |
_c143859 _d143859 |
||